000 00578nam a2200181Ia 4500
005 20250326123724.0
008 250326s9999 xx 000 0 und d
037 _aTextbook
040 _aFMSL
_beng
_cFMSL
041 _aeng
_2eng
084 _aX:8N M5
_qFMSL
100 _aPjillips C S
_9735909
245 0 _aSecrets of successful public relations: insider's guide to the strategies and techniques that work today
_cPjillips C S
260 _aNew Jersey
_bNew Jersey, Prentice-Hall
_c1985
300 _a315p
942 _cTB
_hX:8N M5
999 _c1270665
_d1270665